00780nam a2200229 i 4500003000900000005001700009007000300026008004100029020001800070040003000088082001300118100003100131245009100162264003900253300002700292336002700319337003400346338002800380500007100408504003000479700004100509DO-SdBNP20240305073656.0ta110413s2023 dr ac 000 0 spa d a9789945635928 aDO-SdBNPbspacBNPHUerda bI73e222 aIsaac, Telésforo,d1929-10aEspiritualidad del cristiano /cTelésforo Isaac ; prólogo J. Adalberto Martínez  1aSanto Domingo :bSantuario,c2023. a186 páginas c23 cm. 2rdacontentatextobtxt 2rdamediaasin mediación bn 2rdacarrieravolumenbnc aIncluye datos biográficos del autor en la solapa de la portada.  aBibliografía p: 185-1861 aSilié, Rubén,d1946-eprólogo